[Event "67th POL-ch"]
[Site "Warsaw POL"]
[Date "2010.01.09"]
[Round "1"]
[White "Bartel, Mateusz"]
[Black "Leniart, Arkadiusz"]
[Result "1-0"]
[WhiteElo "2614"]
[BlackElo "2439"]
[EventDate "2010.01.09"]
[PlyCount "77"]

1.Nf3 d5 2.d4 Nf6 3.c4 g6 4.cxd5 Nxd5 5.e4 Nb6 6.Nc3 Bg7 7.Be3 O-O 8.Be2 
Bg4 9.Rc1 Nc6 10.d5 Bxf3 11.gxf3 Ne5 12.Qb3 c6 13.f4 Ned7 14.O-O Bxc3 15.
dxc6 Bg7 16.cxd7 Qxd7 17.Rfd1 Qh3 18.Rc7 Qh4 19.Rxb7 e5 20.Bc5 Rab8 21.
Bxf8 Rxb7 22.Bxg7 Kxg7 23.fxe5 Rd7 24.e6 Rxd1+ 25.Bxd1 Qxe4 26.exf7 Nd7 
27.Bf3 Qf5 28.Bd5 Nf6 29.f8=Q+ Kxf8 30.Qb8+ Kg7 31.Qxa7+ Kh6 32.Qe3+ g5 
33.Bf3 Kg6 34.Qb3 g4 35.Bd1 Ne4 36.Qb6+ Kh5 37.h3 Qf4 38.Bxg4+ Kh4 39.Qe3 
1-0

[Event "67th POL-ch"]
[Site "Warsaw POL"]
[Date "2010.01.09"]
[Round "1"]
[White "Bobras, Piotr"]
[Black "Gumula, Daniel"]
[Result "1-0"]
[WhiteElo "2554"]
[BlackElo "2312"]
[EventDate "2010.01.09"]
[PlyCount "47"]

1.e4 c5 2.Nf3 d6 3.d4 cxd4 4.Nxd4 Nf6 5.Nc3 a6 6.Be3 e6 7.g4 e5 8.Nf5 h5 
9.g5 Nxe4 10.Nxg7+ Bxg7 11.Nxe4 d5 12.Ng3 e4 13.c3 Bg4 14.Be2 Nc6 15.Bxg4 
hxg4 16.Nf5 Rh7 17.Bf4 Be5 18.Qxg4 Qc7 19.Be3 Rxh2 20.Rxh2 Bxh2 21.O-O-O 
Nb4 22.g6 O-O-O 23.Ng3+ f5 24.Qxf5+ 1-0

[Event "67th POL-ch"]
[Site "Warsaw POL"]
[Date "2010.01.09"]
[Round "1"]
[White "Dragun, Kamil"]
[Black "Heberla, Bartlomiej"]
[Result "0-1"]
[WhiteElo "2300"]
[BlackElo "2516"]
[EventDate "2010.01.09"]
[PlyCount "60"]

1.e4 e6 2.d4 d5 3.Nc3 dxe4 4.Nxe4 Nd7 5.Nf3 Ngf6 6.Bd3 c5 7.O-O Nxe4 8.
Bxe4 Nf6 9.Bd3 cxd4 10.Nxd4 Bc5 11.Nf3 O-O 12.Bg5 b6 13.Qe2 Bb7 14.Rad1 
Qc7 15.Ne5 Rfd8 16.Bxf6 gxf6 17.Qg4+ Kf8 18.Nf3 h5 19.Qh3 Qf4 20.Qh4 Qxh4 
21.Nxh4 Rd4 22.g3 Rb4 23.b3 Rxh4 24.gxh4 Ke7 25.Rfe1 Rg8+ 26.Kf1 Rg2 27.
Rd2 Rxh2 28.Ke2 Rxf2+ 29.Kd1 Bf3+ 30.Kc1 Ba3+ 0-1

[Event "67th POL-ch"]
[Site "Warsaw POL"]
[Date "2010.01.09"]
[Round "1"]
[White "Hnydiuk, Aleksander"]
[Black "Dziuba, Marcin"]
[Result "0-1"]
[WhiteElo "2432"]
[BlackElo "2587"]
[EventDate "2010.01.09"]
[PlyCount "76"]

1.e4 c5 2.Nf3 d6 3.c3 Nf6 4.Be2 g6 5.O-O Bg7 6.Bb5+ Nc6 7.d4 Bd7 8.d5 Ne5 
9.Bxd7+ Nexd7 10.Qe2 b5 11.a4 b4 12.cxb4 cxb4 13.Nd4 Nc5 14.f3 O-O 15.Be3 
Qd7 16.a5 Nxd5 17.exd5 Bxd4 18.Bxd4 Nb3 19.Qd3 Nxa1 20.b3 Nxb3 21.Qxb3 Qb5
22.Re1 Rfe8 23.a6 Rac8 24.Nd2 Qxa6 25.Qxb4 Qa2 26.Nb3 a5 27.Qb5 a4 28.Na1 
Qc4 29.Qb2 a3 30.Qd2 Qxd5 31.Qe3 e5 32.Bc3 Rc4 33.Nc2 Rec8 34.Nb4 Qc5 35.
Qxc5 R8xc5 36.Bd2 Rd4 37.Re2 a2 38.Nxa2 Rc2 0-1

[Event "67th POL-ch"]
[Site "Warsaw POL"]
[Date "2010.01.09"]
[Round "1"]
[White "Macieja, Bartlomiej"]
[Black "Piorun, Kacper"]
[Result "1-0"]
[WhiteElo "2624"]
[BlackElo "2489"]
[EventDate "2010.01.09"]
[PlyCount "105"]

1.Nf3 Nf6 2.c4 g6 3.Nc3 Bg7 4.e4 d6 5.d4 O-O 6.h3 e5 7.d5 Na6 8.Bg5 Qe8 9.
g4 Kh8 10.a3 Ng8 11.Be2 f5 12.gxf5 gxf5 13.Nh4 Bh6 14.Bh5 Qd7 15.Bxh6 Nxh6
16.Qd2 f4 17.b4 Qe7 18.Nf3 Nb8 19.Ke2 Nd7 20.Bg4 Nf6 21.Bxc8 Raxc8 22.Qd3 
Rg8 23.c5 dxc5 24.bxc5 Qxc5 25.Nxe5 Rce8 26.Nf3 Nf7 27.Rhg1 c6 28.Rxg8+ 
Kxg8 29.Kf1 cxd5 30.exd5 Rd8 31.Rd1 Qxa3 32.Kg2 a6 33.Qd4 Qd6 34.Kh2 Re8 
35.Kh1 b5 36.Rg1+ Kf8 37.Ng5 Nxg5 38.Rxg5 f3 39.Rg3 Re1+ 40.Kh2 b4 41.Na4 
Kf7 42.Nc5 Re5 43.Qxb4 Nxd5 44.Qd4 Rf5 45.Qg7+ Ke8 46.Ne4 Qe5 47.Qa7 Ne7 
48.Nd2 Qd5 49.Nf1 Qc6 50.Ne3 Rb5 51.Qd4 a5 52.Nc4 Qc5 53.Nd6+ 1-0

[Event "67th POL-ch"]
[Site "Warsaw POL"]
[Date "2010.01.09"]
[Round "1"]
[White "Mista, Aleksander"]
[Black "Kanarek, Marcel"]
[Result "1/2-1/2"]
[WhiteElo "2563"]
[BlackElo "2393"]
[EventDate "2010.01.09"]
[PlyCount "157"]

1.e4 c5 2.Nf3 Nc6 3.d4 cxd4 4.Nxd4 g6 5.Nc3 Bg7 6.Be3 Nf6 7.Bc4 O-O 8.Bb3 
d6 9.f3 Nxd4 10.Bxd4 Qa5 11.Qd2 Be6 12.O-O-O b5 13.Kb1 b4 14.Nd5 Bxd5 15.
Bxd5 Nxd5 16.Bxg7 Nc3+ 17.Bxc3 bxc3 18.Qxc3 Qxc3 19.bxc3 Rfc8 20.Rd3 Rc5 
21.Re1 Rac8 22.Kb2 R8c6 23.Rb1 Kg7 24.Kc1 Ra5 25.Rb2 Kf6 26.Kb1 Rh5 27.h3 
Rg5 28.g4 Rgc5 29.Rb3 Ke5 30.Kc1 Kf4 31.Kd2 h5 32.Rb7 Rc7 33.Rb4 h4 34.Rb1
Ra5 35.Rg1 Rcc5 36.Rd4 g5 37.Re1 Re5 38.a4 Rac5 39.Re3 Rc6 40.Ke2 Rb6 41.
Rb4 Rc5 42.Rd4 e5 43.Rd2 Rbc6 44.Rdd3 Ra5 45.Rd5 Rxa4 46.Red3 Raa6 47.Rb5 
Rab6 48.Ra5 a6 49.Rad5 Rc4 50.Kd2 Rcc6 51.Ke2 Rc5 52.Kd2 Rxd5 53.exd5 Rb5 
54.c4 Rc5 55.Rc3 Kg3 56.f4+ Kxf4 57.Kd3 a5 58.Rb3 Kf3 59.Rb6 Rc8 60.Rxd6 
e4+ 61.Kd4 e3 62.Rf6+ Ke2 63.d6 Kd2 64.c5 e2 65.Rf2 a4 66.d7 Ra8 67.c6 a3 
68.c7 a2 69.d8=Q a1=Q+ 70.Ke4+ Ke1 71.Rxe2+ Kxe2 72.Qd3+ Kf2 73.Qf3+ Kg1 
74.Qe3+ Kg2 75.Qf3+ Kh2 76.Qf2+ Kxh3 77.Qf3+ Kh2 78.Qf2+ Kh1 79.Qf3+ 
1/2-1/2

[Event "67th POL-ch"]
[Site "Warsaw POL"]
[Date "2010.01.09"]
[Round "1"]
[White "Rutkowski, Maciej"]
[Black "Gajewski, Grzegorz"]
[Result "1-0"]
[WhiteElo "2405"]
[BlackElo "2568"]
[EventDate "2010.01.09"]
[PlyCount "77"]

1.Nf3 Nf6 2.c4 e6 3.g3 d5 4.d4 dxc4 5.Bg2 a6 6.O-O Nc6 7.e3 Bd7 8.Qe2 b5 
9.b3 cxb3 10.axb3 Bb4 11.Bb2 O-O 12.Rc1 Nd5 13.Nc3 Na5 14.Qc2 Bc6 15.Ne5 
Bb7 16.Nd3 Bxc3 17.Bxc3 Nxc3 18.Bxb7 Nxb7 19.Qxc3 Qd5 20.Qxc7 Qe4 21.Nb4 
h5 22.h4 Rfc8 23.Qb6 Kh7 24.Rxc8 Rxc8 25.Qxa6 Rc3 26.Qxb5 f5 27.Qe8 Kh6 
28.Qh8+ Kg6 29.Qe8+ Kh6 30.Qe7 Kh7 31.Qg5 Qf3 32.Na6 Rc2 33.Rf1 Qe2 34.Nb4
Rc7 35.d5 Nd6 36.dxe6 Qd2 37.e7 Rc8 38.Qxh5+ Kg8 39.Rd1 1-0

[Event "67th POL-ch"]
[Site "Warsaw POL"]
[Date "2010.01.09"]
[Round "1"]
[White "Stopa, Jacek"]
[Black "Markowski, Tomasz"]
[Result "1/2-1/2"]
[WhiteElo "2494"]
[BlackElo "2629"]
[EventDate "2010.01.09"]
[PlyCount "67"]

1.e4 d6 2.d4 Nf6 3.Bd3 e5 4.c3 d5 5.dxe5 Nxe4 6.Nf3 Nc6 7.Nbd2 Nc5 8.Bb1 
Bg4 9.b4 Ne6 10.Qa4 Bh5 11.O-O a6 12.Re1 Be7 13.a3 O-O 14.Bf5 Bg6 15.Qc2 
d4 16.Bxg6 hxg6 17.cxd4 Ncxd4 18.Nxd4 Qxd4 19.Bb2 Qd5 20.Rad1 Rfd8 21.Nb3 
Qb5 22.Nd4 Nxd4 23.Bxd4 Qc6 24.Qxc6 bxc6 25.f4 Rd5 26.Be3 a5 27.Rxd5 cxd5 
28.Rc1 axb4 29.axb4 Bxb4 30.Rxc7 Ra1+ 31.Kf2 Ra2+ 32.Kf3 Ra3 33.Ke2 Ra2+ 
34.Kf3 1/2-1/2

[Event "67th POL-ch"]
[Site "Warsaw POL"]
[Date "2010.01.09"]
[Round "1"]
[White "Strzemiecki, Zbigniew"]
[Black "Olszewski, Michal"]
[Result "1-0"]
[WhiteElo "2333"]
[BlackElo "2562"]
[EventDate "2010.01.09"]
[PlyCount "113"]

1.e4 c5 2.Nf3 e6 3.d4 cxd4 4.Nxd4 a6 5.Bd3 Bc5 6.Nb3 Be7 7.Qg4 Bf6 8.f4 d6
9.O-O Nc6 10.N1d2 Nge7 11.Nf3 O-O 12.Qg3 Ng6 13.c3 b5 14.Nbd4 Bb7 15.Be3 
Qc7 16.Rad1 Rad8 17.Nxc6 Bxc6 18.f5 exf5 19.exf5 Bxf3 20.Qxf3 Ne5 21.Qd5 
Ng4 22.Bd4 Rfe8 23.Rfe1 Be5 24.h3 Nf6 25.Qf3 Bxd4+ 26.cxd4 Rxe1+ 27.Rxe1 
Qa5 28.Ra1 Re8 29.Qf2 h6 30.a3 Qb6 31.Kf1 Nd5 32.Re1 Rxe1+ 33.Kxe1 Qd8 34.
Be4 Qe7 35.Qe2 Qh4+ 36.Kd2 Qg5+ 37.Kc2 Ne3+ 38.Kc3 Nxf5 39.Bxf5 Qxf5 40.
Qe8+ Kh7 41.Qc6 Qe6 42.Kb4 Qe1+ 43.Qc3 Qe2 44.g4 Kg6 45.Ka5 Kg5 46.b4 h5 
47.gxh5 Kxh5 48.Qg3 g5 49.Qxd6 Qd3 50.Kxa6 f5 51.d5 f4 52.Qe7 Qxa3+ 53.Kb7
Qd3 54.d6 f3 55.d7 f2 56.d8=Q Qxd8 57.Qh7# 1-0

[Event "67th POL-ch"]
[Site "Warsaw POL"]
[Date "2010.01.09"]
[Round "1"]
[White "Swiercz, Dariusz"]
[Black "Kempinski, Robert"]
[Result "1/2-1/2"]
[WhiteElo "2474"]
[BlackElo "2617"]
[EventDate "2010.01.09"]
[PlyCount "61"]

1.d4 c5 2.d5 d6 3.e4 g6 4.Nc3 Bg7 5.Nf3 Bg4 6.Be2 Nf6 7.O-O O-O 8.Nd2 Bxe2
9.Qxe2 Nfd7 10.a4 Na6 11.Nc4 Nb6 12.Na3 Nb4 13.Bg5 h6 14.Bh4 a5 15.Nab5 
Qd7 16.Bg3 f5 17.exf5 Rxf5 18.Rad1 Raf8 19.Rfe1 R8f7 20.Rd2 N4xd5 21.Ne4 
Qc6 22.c4 Nf4 23.Bxf4 Rxf4 24.b3 Nd7 25.f3 Be5 26.Rd3 R4f5 27.Qd2 Rh5 28.
Ng3 Rg5 29.Ne4 Rh5 30.Ng3 Rg5 31.Ne4 1/2-1/2

[Event "67th POL-ch"]
[Site "Warsaw POL"]
[Date "2010.01.10"]
[Round "2"]
[White "Bobras, Piotr"]
[Black "Wojtaszek, Radoslaw"]
[Result "0-1"]
[WhiteElo "2554"]
[BlackElo "2639"]
[EventDate "2010.01.09"]
[PlyCount "63"]

1.e4 c6 2.d4 d5 3.Nc3 dxe4 4.Nxe4 Nd7 5.Ng5 Ngf6 6.Bd3 e6 7.N1f3 Bd6 8.Qe2
h6 9.Ne4 Nxe4 10.Qxe4 Qc7 11.O-O b6 12.Qg4 Kf8 13.b3 Bb7 14.Bb2 Nf6 15.Qh4
Nd5 16.g3 Nb4 17.Be2 Nxc2 18.d5 Nxa1 19.dxe6 Re8 20.Qg4 fxe6 21.Nh4 Kg8 
22.Bc4 Bc8 23.Ng6 h5 24.Qe4 Rh6 25.Rxa1 Qf7 26.Nh4 Rf8 27.Rf1 Bc5 28.Qc2 
g5 29.Ng2 h4 30.gxh4 gxh4 31.Qd2 Rh5 32.Nxh4 0-1

[Event "67th POL-ch"]
[Site "Warsaw POL"]
[Date "2010.01.10"]
[Round "2"]
[White "Dziuba, Marcin"]
[Black "Rutkowski, Maciej"]
[Result "0-1"]
[WhiteElo "2587"]
[BlackElo "2405"]
[EventDate "2010.01.09"]
[PlyCount "110"]

1.d4 d5 2.c4 c6 3.Nf3 Nf6 4.e3 Bf5 5.Nc3 e6 6.Nh4 Bg6 7.Be2 dxc4 8.Nxg6 
hxg6 9.Bxc4 Nbd7 10.Bd2 Bd6 11.h3 Nb6 12.Be2 e5 13.dxe5 Bxe5 14.Qc2 Qe7 
15.O-O-O O-O-O 16.Kb1 Qc5 17.Rc1 Nbd5 18.Nxd5 Qxd5 19.Bb4 Qe4 20.a3 Rd7 
21.Bf3 Qxc2+ 22.Rxc2 Nd5 23.Bd2 Kb8 24.g3 Nc7 25.h4 Ne6 26.g4 Rdd8 27.Bb4 
Bd6 28.Bc3 Be7 29.h5 gxh5 30.gxh5 Rh6 31.Rg1 Bf6 32.Bb4 g6 33.hxg6 Rxg6 
34.Rxg6 fxg6 35.Rc1 c5 36.Be1 b6 37.Bg4 Nc7 38.f3 Nd5 39.Bg3+ Kb7 40.Re1 
g5 41.Bf5 Ka6 42.e4 Ne7 43.Bg4 Nc6 44.e5 Bg7 45.Kc1 c4 46.e6 Bf6 47.Bh5 b5
48.Bf2 Na5 49.Be3 Rh8 50.Bg6 Be7 51.Rg1 Nb3+ 52.Kd1 Nc5 53.Bxc5 Bxc5 54.
Rxg5 Rh1+ 55.Kc2 Be3 0-1

[Event "67th POL-ch"]
[Site "Warsaw POL"]
[Date "2010.01.10"]
[Round "2"]
[White "Gajewski, Grzegorz"]
[Black "Hnydiuk, Aleksander"]
[Result "1-0"]
[WhiteElo "2568"]
[BlackElo "2432"]
[EventDate "2010.01.09"]
[PlyCount "59"]

1.d4 d5 2.c4 c6 3.Nf3 Nf6 4.e3 a6 5.Bd2 e6 6.Qc2 Nbd7 7.Nc3 c5 8.cxd5 exd5
9.g4 h6 10.Bg2 b5 11.Nxd5 Bb7 12.Nxf6+ Qxf6 13.Qf5 Qxf5 14.gxf5 cxd4 15.
exd4 Bd6 16.O-O O-O 17.Rfe1 Rfe8 18.Rac1 Rac8 19.Rxe8+ Rxe8 20.Ne1 Re2 21.
Bxb7 Rxd2 22.Nf3 Rxb2 23.Rc8+ Bf8 24.Ne5 Nb6 25.Rb8 Rxa2 26.Bc6 Ra1+ 27.
Kg2 Rd1 28.Rxb6 Rxd4 29.Rb8 Rd6 30.Rc8 1-0

[Event "67th POL-ch"]
[Site "Warsaw POL"]
[Date "2010.01.10"]
[Round "2"]
[White "Gdanski, Jacek"]
[Black "Bartel, Mateusz"]
[Result "0-1"]
[WhiteElo "2509"]
[BlackElo "2614"]
[EventDate "2010.01.09"]
[PlyCount "104"]

1.Nf3 f5 2.d3 Nc6 3.e4 e5 4.Nc3 Nf6 5.exf5 d5 6.d4 exd4 7.Nxd4 Nxd4 8.Qxd4
Bxf5 9.Bg5 Bxc2 10.Rc1 Bg6 11.Qe5+ Kf7 12.Be2 Bd6 13.Qd4 c6 14.O-O Re8 15.
Bf3 Be5 16.Qa4 Qb6 17.b4 h6 18.Bd2 a6 19.Qb3 Kg8 20.Be3 Qd8 21.Na4 Bf7 22.
Bb6 Qd6 23.h3 d4 24.Qb1 Nd5 25.Bc5 Qf6 26.Be4 Nf4 27.Rfe1 d3 28.Bxd3 Qg5 
29.Be4 Nxh3+ 30.Kf1 Nf4 31.g3 Nh5 32.Be3 Qg4 33.Bh7+ Kh8 34.Qf5 Qxf5 35.
Bxf5 Bxg3 36.Nc5 Bd6 37.Nxb7 Bxb4 38.Red1 Rxe3 39.fxe3 Ng3+ 40.Kf2 Nxf5 
41.Rxc6 Be7 42.e4 Bh4+ 43.Kg1 Ng3 44.e5 Ne2+ 45.Kh2 Bg3+ 46.Kh3 Bxe5 47.
Rd8+ Rxd8 48.Nxd8 Bxa2 49.Rxa6 Bc4 50.Ra8 Kh7 51.Kg4 Nd4 52.Ra5 h5+ 0-1

[Event "67th POL-ch"]
[Site "Warsaw POL"]
[Date "2010.01.10"]
[Round "2"]
[White "Kanarek, Marcel"]
[Black "Swiercz, Dariusz"]
[Result "0-1"]
[WhiteElo "2393"]
[BlackElo "2474"]
[EventDate "2010.01.09"]
[PlyCount "104"]

1.e4 c5 2.Nf3 d6 3.d4 cxd4 4.Nxd4 Nf6 5.Nc3 a6 6.Bg5 e6 7.f4 Qb6 8.Qd3 
Qxb2 9.Rb1 Qa3 10.f5 Be7 11.fxe6 fxe6 12.Be2 Qa5 13.Bd2 Qc7 14.g4 h6 15.e5
dxe5 16.Qg6+ Kf8 17.Nf3 Bd7 18.g5 Be8 19.Qd3 hxg5 20.Nxg5 Qc8 21.Rg1 Kg8 
22.Qg3 Nh5 23.Qg4 Bxg5 24.Qxg5 Rh7 25.Ne4 Qxc2 26.Rb4 Nc6 27.Rc4 Qb1+ 28.
Kf2 Qb6+ 29.Be3 Qb2 30.Rgc1 Nf4 31.R1c2 Nh3+ 32.Kg2 Nxg5 33.Rxb2 Nxe4 34.
Rxe4 Nd4 35.Rxe5 Bc6+ 36.Kg1 Nxe2+ 37.Rxe2 Bd5 38.Bf2 Rc8 39.Bg3 Rc1+ 40.
Kf2 Rh6 41.Rb2 Rf6+ 42.Ke3 Ra1 43.Rd2 Rf3+ 44.Ke2 Ra3 45.Rg5 R1xa2 46.Rxa2
Rxa2+ 47.Ke3 Kf7 48.h4 a5 49.Rg4 b5 50.h5 Rg2 51.Rf4+ Kg8 52.Be1 b4 0-1

[Event "67th POL-ch"]
[Site "Warsaw POL"]
[Date "2010.01.10"]
[Round "2"]
[White "Kempinski, Robert"]
[Black "Mista, Aleksander"]
[Result "1-0"]
[WhiteElo "2617"]
[BlackElo "2563"]
[EventDate "2010.01.09"]
[PlyCount "85"]

1.Nf3 Nf6 2.c4 c5 3.d4 cxd4 4.Nxd4 b6 5.Nc3 Bb7 6.Bg5 e6 7.Ndb5 d6 8.Bf4 
e5 9.Bg5 a6 10.Bxf6 gxf6 11.Na3 f5 12.e3 Nd7 13.Nc2 Rg8 14.Nd5 Rc8 15.Qd3 
e4 16.Qd2 Bg7 17.O-O-O Ne5 18.Qb4 Bxd5 19.Rxd5 Rc5 20.Be2 Qc7 21.Kb1 Nc6 
22.Qd2 Be5 23.f4 exf3 24.gxf3 Ne7 25.Rxc5 bxc5 26.Rd1 Rg2 27.h4 Qb6 28.b3 
a5 29.f4 Bg7 30.Na3 d5 31.cxd5 Qf6 32.Kc1 Kf8 33.d6 Nc6 34.d7 Nd8 35.Nb1 
Kg8 36.h5 h6 37.Re1 Kh7 38.Kd1 Nc6 39.Qd3 Rf2 40.Rg1 Qb2 41.Qxf5+ Kg8 42.
Bc4 Kh8 43.Bd3 1-0

[Event "67th POL-ch"]
[Site "Warsaw POL"]
[Date "2010.01.10"]
[Round "2"]
[White "Markowski, Tomasz"]
[Black "Jakubowski, Krzysztof"]
[Result "1-0"]
[WhiteElo "2629"]
[BlackElo "2502"]
[EventDate "2010.01.09"]
[PlyCount "101"]

1.c4 e5 2.g3 Nf6 3.Bg2 d5 4.cxd5 Nxd5 5.Nf3 Nc6 6.O-O Nb6 7.Nc3 Be7 8.d3 
O-O 9.Be3 Re8 10.a4 a6 11.a5 Nd7 12.Nd2 Nd4 13.Nc4 Bf8 14.Rb1 Rb8 15.b4 c6
16.Ne4 Qc7 17.Re1 Nf5 18.Ba7 Ra8 19.Bb6 Nxb6 20.Nxb6 Rb8 21.Nxc8 Qxc8 22.
Bh3 Qe6 23.e3 Qg6 24.Qf3 Ne7 25.Rec1 Red8 26.Rb3 Nd5 27.Rc4 Be7 28.Bf5 Qh6
29.h4 g6 30.Bh3 Qf8 31.Nc5 Bxc5 32.bxc5 h5 33.g4 hxg4 34.Bxg4 Qe7 35.h5 
Nf6 36.hxg6 fxg6 37.Qg3 Kf7 38.Bf3 Rbc8 39.Bg2 Rc7 40.Kf1 Kg7 41.Be4 Qe8 
42.Rcb4 Rdd7 43.Ke2 Re7 44.Rb1 Qf7 45.Rg1 Nxe4 46.Rxe4 Qf5 47.Qh4 Rcd7 48.
Rh1 Kf7 49.Rh3 g5 50.Qh5+ Qg6 51.Qh8 1-0

[Event "67th POL-ch"]
[Site "Warsaw POL"]
[Date "2010.01.10"]
[Round "2"]
[White "Olszewski, Michal"]
[Black "Bulski, Krzysztof"]
[Result "1-0"]
[WhiteElo "2562"]
[BlackElo "2416"]
[EventDate "2010.01.09"]
[PlyCount "85"]

1.d4 d5 2.c4 c6 3.Nf3 Nf6 4.Nc3 e6 5.g3 Be7 6.Bg2 O-O 7.O-O dxc4 8.Ne5 
Nbd7 9.Nxc4 Nd5 10.e4 Nxc3 11.bxc3 b5 12.Ne3 Nb6 13.f4 c5 14.f5 cxd4 15.
cxd4 exf5 16.Nxf5 Bxf5 17.Rxf5 Qd7 18.Be3 g6 19.Rf2 Rad8 20.Bh6 Qxd4 21.
Qxd4 Rxd4 22.Raf1 Rd7 23.Bxf8 Bxf8 24.Bh3 Bc5 25.Bxd7 Nxd7 26.Rd1 Nf6 27.
Kg2 Bxf2 28.Kxf2 Nxe4+ 29.Ke3 Nc3 30.Rd2 b4 31.Kd4 a5 32.Kc4 Kf8 33.Rd8+ 
Kg7 34.Kb3 f5 35.Ra8 a4+ 36.Rxa4 Nxa4 37.Kxa4 Kf6 38.Kxb4 Ke5 39.Kc4 g5 
40.a4 h5 41.Kd3 Kd5 42.Ke3 Kc5 43.h4 1-0

[Event "67th POL-ch"]
[Site "Warsaw POL"]
[Date "2010.01.10"]
[Round "2"]
[White "Piorun, Kacper"]
[Black "Dragun, Kamil"]
[Result "1-0"]
[WhiteElo "2489"]
[BlackElo "2300"]
[EventDate "2010.01.09"]
[PlyCount "91"]

1.d4 Nf6 2.c4 c5 3.d5 b5 4.Qc2 bxc4 5.e4 d6 6.Bxc4 g6 7.Nf3 Bg7 8.O-O O-O 
9.h3 Nfd7 10.Bf4 Nb6 11.Nbd2 Nxc4 12.Nxc4 Ba6 13.Rab1 Nd7 14.b3 Nb6 15.
Rfe1 Re8 16.Rbd1 f6 17.Ne3 Qd7 18.Nd2 Rac8 19.Bg3 Qb5 20.h4 Bh6 21.f4 Qb4 
22.Ndc4 Nxc4 23.bxc4 Rb8 24.Qe2 Qa4 25.h5 Rb4 26.hxg6 hxg6 27.Qg4 Kf7 28.
Nf5 Rh8 29.Nxe7 Kxe7 30.Qe6+ Kf8 31.Qxf6+ Kg8 32.Qxg6+ Bg7 33.Qe6+ Kh7 34.
Kf2 Bd4+ 35.Rxd4 Rb2+ 36.Kf3 Qa3+ 37.Re3 Qxe3+ 38.Kxe3 cxd4+ 39.Kxd4 Rg8 
40.Qh3+ Kg7 41.Qd7+ Kh8 42.Qh3+ Kg7 43.f5 Rc8 44.Bxd6 Rxc4+ 45.Ke5 Re2 46.
f6+ 1-0

[Event "67th POL-ch"]
[Site "Warsaw POL"]
[Date "2010.01.10"]
[Round "2"]
[White "Socko, Bartosz"]
[Black "Stopa, Jacek"]
[Result "1-0"]
[WhiteElo "2643"]
[BlackElo "2494"]
[EventDate "2010.01.09"]
[PlyCount "163"]

1.e4 e5 2.Nf3 Nf6 3.Nxe5 d6 4.Nf3 Nxe4 5.d4 d5 6.Bd3 Bd6 7.O-O O-O 8.c4 c6
9.Re1 Re8 10.Qc2 Na6 11.Bxe4 dxe4 12.Rxe4 Nb4 13.Rxe8+ Qxe8 14.Qb3 Bf5 15.
Na3 a5 16.Bd2 a4 17.Qc3 Nd3 18.c5 Qe2 19.Be3 Bf4 20.Qd2 Qxd2 21.Nxd2 Bxe3 
22.fxe3 Nxb2 23.e4 Be6 24.Rb1 Nd3 25.Nac4 f5 26.exf5 Bxf5 27.Rxb7 Nc1 28.
d5 cxd5 29.Nd6 Bc8 30.Re7 Ba6 31.c6 Nxa2 32.c7 Rf8 33.Re3 d4 34.Re5 Nc3 
35.Ra5 Bc8 36.h3 d3 37.Rc5 Ne2+ 38.Kh2 Nd4 39.Rd5 Ne6 40.Rxd3 Nxc7 41.Rc3 
Nd5 42.Rxc8 Rxc8 43.Nxc8 Kf7 44.Nc4 Ke6 45.Kg3 h5 46.h4 Kf6 47.N8d6 Nc3 
48.Kf4 Ne2+ 49.Ke3 Nc1 50.Ne4+ Kf5 51.Kf3 Nd3 52.Ng3+ Kg6 53.Ne2 Kf5 54.
Ng3+ Kg6 55.Na3 Ne1+ 56.Kf2 Nd3+ 57.Ke2 Nf4+ 58.Kf3 Nd3 59.Nc2 Nb2 60.Ke4 
Kh6 61.Nf5+ Kg6 62.Nfe3 Kf6 63.Nd5+ Kg6 64.Nf4+ Kh6 65.Ne6 Kg6 66.Na3 Kf6 
67.Ng5 Nd1 68.Kf4 Nb2 69.Ne4+ Kg6 70.Nf2 Kf6 71.g3 g6 72.Ne4+ Kg7 73.Nc5 
Kf6 74.Nc2 Kf7 75.Kg5 Kg7 76.Ne6+ Kf7 77.Nf4 Nc4 78.Nxg6 Nd2 79.Ne5+ Ke6 
80.Nd3 Ne4+ 81.Kf4 Nc3 82.Kf3 1-0

[Event "67th POL-ch"]
[Site "Warsaw POL"]
[Date "2010.01.10"]
[Round "2"]
[White "Strzemiecki, Zbigniew"]
[Black "Miton, Kamil"]
[Result "1/2-1/2"]
[WhiteElo "2333"]
[BlackElo "2586"]
[EventDate "2010.01.09"]
[PlyCount "146"]

1.e4 c5 2.Nf3 g6 3.d4 Bg7 4.dxc5 Qa5+ 5.c3 Qxc5 6.Be3 Qc7 7.Qd2 Nf6 8.Bd3 
d6 9.O-O O-O 10.c4 Nc6 11.Nc3 Bg4 12.Nd4 Nd7 13.Nxc6 bxc6 14.f4 f5 15.h3 
fxe4 16.Nxe4 Bf5 17.Ng5 Qb7 18.Rab1 c5 19.b3 Rf6 20.Rbe1 h6 21.Nf3 e6 22.
Bxf5 exf5 23.Bf2 d5 24.Bh4 Rb6 25.Qxd5+ Qxd5 26.cxd5 Rd6 27.Re6 Rxd5 28.
Rxg6 Re8 29.Ra6 Re4 30.Bg3 Nf6 31.Rxa7 Nh5 32.Kh2 Re2 33.Ra8+ Kh7 34.Rf2 
Nxf4 35.Rxe2 Nxe2 36.Bf2 Nc3 37.Rc8 Nxa2 38.Rxc5 Rd3 39.Rc7 Kg8 40.Rb7 Nc3
41.b4 Ne4 42.Bg3 Bf8 43.b5 Rb3 44.Bf4 Bc5 45.Rb8+ Kf7 46.Rh8 Rxb5 47.Rh7+ 
Kg8 48.Rxh6 Kg7 49.Rc6 Rb6 50.Rc7+ Kf6 51.Ne5 Bd6 52.Nd7+ Ke6 53.Bxd6 Kxd6
54.Nxb6 Kxc7 55.Nd5+ Kd6 56.Nf4 Ke5 57.g3 Kf6 58.Kg2 Nd2 59.h4 Ne4 60.Kf3 
Nd2+ 61.Ke3 Nc4+ 62.Kd4 Nd6 63.Nd5+ Ke6 64.Nc3 f4 65.g4 Nf5+ 66.Ke4 Nxh4 
67.Kxf4 Ng6+ 68.Ke4 Ne5 69.g5 Nf7 70.g6 Nd6+ 71.Kf4 Kf6 72.Ne4+ Nxe4 73.
Kxe4 Kxg6 1/2-1/2

[Event "67th POL-ch"]
[Site "Warsaw POL"]
[Date "2010.01.11"]
[Round "3"]
[White "Bulski, Krzysztof"]
[Black "Dragun, Kamil"]
[Result "1/2-1/2"]
[WhiteElo "2416"]
[BlackElo "2300"]
[EventDate "2010.01.09"]
[PlyCount "84"]

1.e4 e5 2.Nf3 Nc6 3.Bb5 a6 4.Ba4 Nf6 5.O-O Be7 6.Re1 b5 7.Bb3 d6 8.h3 O-O 
9.c3 Na5 10.Bc2 d5 11.d4 dxe4 12.Nxe5 c5 13.dxc5 Bxc5 14.Qxd8 Rxd8 15.b4 
Bd6 16.Ng4 Nxg4 17.hxg4 Nc4 18.Bxe4 Ra7 19.Bf3 Re7 20.Rxe7 Bxe7 21.a4 Ne5 
22.Bd2 Nxf3+ 23.gxf3 h5 24.axb5 axb5 25.Ra7 Bh4 26.Ra8 hxg4 27.fxg4 Bxg4 
28.Rxd8+ Bxd8 29.Na3 Be2 30.Nc2 g5 31.Nd4 Bc4 32.f4 gxf4 33.Bxf4 Bh4 34.
Nf3 Bd8 35.Kf2 f6 36.Nd4 Kf7 37.Ke3 Bb6 38.Ke4 Kg6 39.Nf5 Bd3+ 40.Kxd3 
Kxf5 41.Bb8 Ke6 42.c4 bxc4+ 1/2-1/2

[Event "67th POL-ch"]
[Site "Warsaw POL"]
[Date "2010.01.11"]
[Round "3"]
[White "Gdanski, Jacek"]
[Black "Gajewski, Grzegorz"]
[Result "1/2-1/2"]
[WhiteElo "2509"]
[BlackElo "2568"]
[EventDate "2010.01.09"]
[PlyCount "114"]

1.Nf3 d5 2.d4 Nf6 3.c4 e6 4.g3 Bb4+ 5.Bd2 Be7 6.Bg2 O-O 7.O-O Nbd7 8.Qc2 
c6 9.Rd1 a5 10.Bf4 h6 11.cxd5 exd5 12.Nc3 Nb6 13.Ne5 Ng4 14.Rac1 Nxe5 15.
dxe5 Be6 16.Ne4 g5 17.Be3 Nc4 18.Bc5 Nxe5 19.Bxe7 Qxe7 20.Nc5 f5 21.Qc3 
Nc4 22.Qd4 Bf7 23.b3 Nd6 24.e3 Ne4 25.Nd3 Rfe8 26.f3 Nd6 27.Re1 Bg6 28.f4 
Qg7 29.Qb6 Ra6 30.Qc5 Nf7 31.Kf2 Qf6 32.Bf3 Raa8 33.Rc2 Re7 34.a4 Rae8 35.
Qxa5 d4 36.Rce2 dxe3+ 37.Rxe3 Rxe3 38.Rxe3 Rxe3 39.Kxe3 Qe6+ 40.Kf2 Qxb3 
41.Ne5 Qb2+ 42.Ke3 Qb3+ 43.Kf2 Qc2+ 44.Ke3 g4 45.Be2 Qe4+ 46.Kd2 Kg7 47.
Bd3 Qg2+ 48.Kc3 Qg1 49.Qc7 Qa1+ 50.Kb3 Qd1+ 51.Bc2 Qd5+ 52.Kb2 Qd4+ 53.Kb3
Qd5+ 54.Kc3 Qc5+ 55.Kb2 Qd4+ 56.Kb3 Qd5+ 57.Kb2 Qd4+ 1/2-1/2

[Event "67th POL-ch"]
[Site "Warsaw POL"]
[Date "2010.01.11"]
[Round "3"]
[White "Gumula, Daniel"]
[Black "Hnydiuk, Aleksander"]
[Result "0-1"]
[WhiteElo "2312"]
[BlackElo "2432"]
[EventDate "2010.01.09"]
[PlyCount "53"]

1.c4 Nf6 2.Nc3 e5 3.g3 Bb4 4.Bg2 O-O 5.Nf3 Re8 6.O-O e4 7.Ne1 Bxc3 8.dxc3 
d6 9.Nc2 Be6 10.b3 h6 11.Nd4 Qd7 12.Nxe6 Qxe6 13.f4 exf3 14.exf3 Nc6 15.
Qc2 d5 16.cxd5 Nxd5 17.f4 Rad8 18.Kh1 Qf6 19.Bxd5 Rxd5 20.Bb2 Qd6 21.Rad1 
Rd8 22.Rxd5 Qxd5+ 23.Qg2 Qd3 24.Re1 a5 25.Qe2 Qd5+ 26.Qe4 Qxe4+ 27.Rxe4 
0-1

[Event "67th POL-ch"]
[Site "Warsaw POL"]
[Date "2010.01.11"]
[Round "3"]
[White "Heberla, Bartlomiej"]
[Black "Dziuba, Marcin"]
[Result "1/2-1/2"]
[WhiteElo "2516"]
[BlackElo "2587"]
[EventDate "2010.01.09"]
[PlyCount "229"]

1.e4 c5 2.Nf3 d6 3.Nc3 a6 4.d4 cxd4 5.Nxd4 Nf6 6.a4 e5 7.Nf3 Qc7 8.Bg5 
Nbd7 9.Nd2 h6 10.Bxf6 Nxf6 11.Bc4 Be6 12.Bb3 Be7 13.O-O O-O 14.Qf3 Bd8 15.
Qd3 Rc8 16.a5 Qc6 17.Ra4 Bc7 18.Rfa1 Rfd8 19.Nd5 Bxd5 20.Bxd5 Nxd5 21.exd5
Qd7 22.Nc4 Qe7 23.Rb4 Bb8 24.Qb3 Rc7 25.Nb6 Ba7 26.g3 f5 27.Raa4 Qg5 28.
Rc4 Rf7 29.Kh1 Qc1+ 30.Kg2 f4 31.gxf4 exf4 32.Qf3 Bxb6 33.axb6 Rdf8 34.Re4
Qxb2 35.Rxf4 Qxb6 36.Rxf7 Rxf7 37.Rf4 Rxf4 38.Qxf4 Qd8 39.h4 b5 40.Qe4 a5 
41.c4 bxc4 42.Qxc4 Kf7 43.Kf1 Qd7 44.Qf4+ Kg6 45.Kg2 a4 46.Qe4+ Kf7 47.
Qf4+ Kg8 48.Qb4 h5 49.f3 Kh7 50.Qe4+ Kg8 51.Qb4 Qe7 52.Qxa4 Qe2+ 53.Kg3 
Qe5+ 54.Kg2 Qe2+ 55.Kg3 Qe5+ 56.Kg2 Qxd5 57.Qd7 Qe5 58.Qc7 Kh7 59.Qc2+ Kh6
60.Qc7 Qe2+ 61.Kg3 Qe1+ 62.Kh3 Qe6+ 63.Kh2 Qf6 64.Qc1+ Kg6 65.Kg3 Qe5+ 66.
Kg2 d5 67.Qc6+ Kf5 68.Qc2+ Kf6 69.Qc6+ Kf7 70.Qd7+ Kg8 71.Qc8+ Kh7 72.Qc2+
g6 73.Qc5 Kg7 74.Qa7+ Kf6 75.Qb6+ Kf5 76.Qb1+ Kf6 77.Qb6+ Kg7 78.Qa7+ Kh6 
79.Qc5 Qe2+ 80.Kg3 Qe1+ 81.Kg2 Qe6 82.Qc1+ Kg7 83.Qc7+ Kf6 84.Qd8+ Kf7 85.
Qc7+ Qe7 86.Qf4+ Kg8 87.Qd4 Qd8 88.Kh3 Kf7 89.Kg2 Ke6 90.Qe3+ Kf7 91.Qf4+ 
Qf6 92.Qc7+ Qe7 93.Qf4+ Kg8 94.Qd4 Qd6 95.Kh3 Qd8 96.Kh2 Qd7 97.Kg2 Kh7 
98.Kg3 Qd6+ 99.Kg2 Qd8 100.Qa7+ Kg8 101.Qd4 g5 102.Qd3 Kg7 103.Qd4+ Kh6 
104.hxg5+ Qxg5+ 105.Kf2 Kg6 106.Qb6+ Qf6 107.Qb1+ Qf5 108.Qb6+ Kg5 109.
Qd8+ Kg6 110.Qg8+ Kf6 111.Qf8+ Ke6 112.Qc8+ Ke5 113.Qb8+ Kf6 114.Qf8+ Kg5 
115.Qd8+ 1/2-1/2